Writing in a workmen's village : scribal practice in Ramesside Deir El-Medina /

Saved in:

Main Author: Heel, K. Donker van (Author)

Other Authors: Haring, B. J. J.

Format: Book

Language: English

Published: Leiden : Nederlands Instituut voor het Nabije Oosten, 2003.

Series: Egyptologische uitgaven ; 16.
EgUit ; 16.

Subjects:

Tags: Add Tag

No Tags, Be the first to tag this record!

Call Number: DT57 .U35 v.16

LEADER 00851namaa2200265 4500
001 13383
003 OSt
005 20260423063118.0
008 130303s2003 ne 000 0 eng d
020 |a 9062582168 
040 |c ARCE Library 
043 |a f-ua--- 
050 4 |a DT57 .U35 v.16 
100 1 |a Heel, K. Donker van,   |e author  |9 29135 
245 1 0 |a Writing in a workmen's village :   |b scribal practice in Ramesside Deir El-Medina /   |c K. Donker van Heel and B.J.J. Haring.  
264 1 |a Leiden :  |b Nederlands Instituut voor het Nabije Oosten,  |c 2003.  
300 |a x, 218 pages ;  |c 27 cm. 
490 0 |a Egyptologische uitgaven ;   |v 16. 
490 0 |a EgUit ;   |v 16. 
650 0 |a Scribes  |z Egypt  |z Deir el-Medina Site. 
651 0 |a Deir el-Medina Site (Egypt)  
700 1 |a Haring, B. J. J.  
901 |a reviewed 
942 |c BK  |2 lcc 
999 |c 13277  |d 13277